Should've Said No (Lyrics)- Taylor Swift - Statistics

General Stats
  • This quiz has been taken 15 times
  • The average score is 314 of 339
Answer Stats
Answer % Correct
a
100%
all
100%
And
100%
and
100%
asking
100%
Baby
100%
baby
100%
back
100%
be
100%
been
100%
for
100%
'fore
100%
go
100%
gone
100%
have
100%
home
100%
I
100%
in
100%
it
100%
It
100%
it?
100%
let
100%
me
100%
might
100%
mind
100%
my
100%
myself
100%
no
100%
No
100%
of
100%
said
100%
shouldn't
100%
should've
100%
still
100%
that
100%
the
100%
The
100%
there
100%
thought
100%
twice
100%
why
100%
you
100%
You
100%
your
100%
at
92%
begging
92%
'But
92%
But
92%
feet
92%
forgiveness
92%
get
92%
her'd
92%
know
92%
known
92%
to
92%
was
92%
Was
92%
we
92%
We
92%
with
92%
can
83%
did
83%
is
83%
moment
83%
now
83%
say
83%
she
83%
this
83%
this?
83%
weakness
83%
what
83%
word
83%
worth
83%
yes
83%
about
75%
Before
75%
can't
75%
chance
75%
could
75%
Even
75%
feels
75%
I've
75%
just
75%
lookin'
75%
one
75%
see
75%
take
75%
wrong
75%
you'd
75%
believe
67%
'Bout
67%
cryin'
67%
ever
67%
everything
67%
expect
67%
flowers
67%
It's
67%
need
67%
Oh
67%
oh
67%
past
67%
right
67%
tell
67%
things
67%
think
67%
used
67%
found
58%
Given
58%
honestly
58%
out
58%
resist
58%
same?
58%
smiles
58%
strange
58%
sing
50%
songs
50%
Yesterday
50%
doyou
33%
bacl
25%
No matching quizzes found
Score Distribution
Percent of People with Each Score
Percentile by Number Answered
Your Score History
You have not taken this quiz